| 000 | 00715nam a2200205 4500 | ||
|---|---|---|---|
| 001 | 127197 | ||
| 003 | ES-MaACL | ||
| 005 | 20251113143352.0 | ||
| 007 | t| | ||
| 008 | 070214s1983 sp r ||||1| spa d | ||
| 100 | 1 |
_aRice, R. J. _996890 |
|
| 245 | 1 | 0 |
_aFundamentos de Geomorfología / _cR. J. Rice ; [traducido por Guillermo Meléndez Hevia, María Pilar Villar Saldaña ; revisado por Mateo Gutiérrez Elorza]. |
| 260 |
_aMadrid : _bParaninfo, _c1983. |
||
| 300 |
_aIX, 392 p. ; _c19 cm. |
||
| 700 | 1 |
_aMeléndez Hevia, Guillermo. _979923 |
|
| 700 | 1 |
_aVillar Saldaña, María Pilar. _9115103 |
|
| 700 | 1 |
_aGutiérrez Elorza, Mateo, _d1941- _961144 |
|
| 852 |
_aES-MaACL _jL-4888 |
||
| 999 |
_c127197 _d127197 |
||